North Florida Basketball: Top 10 All-Time Leaders - Statistics

General Stats
  • This quiz has been taken 1 time
  • The average score is 13 of 87
Answer Stats
Category # Player Amount % Correct
Points 3 Beau Beech 1,557
100%
Rebounds 5 Beau Beech 625
100%
Steals 1 Beau Beech 147
100%
Three Pointers Made T1 Beau Beech 302
100%
Points Per Game 10 Beau Beech 11.7
100%
Games 4 Beau Beech 133
100%
Points 1 Dallas Moore 2,437
100%
Assists 2 Dallas Moore 551
100%
Steals 2 Dallas Moore 123
100%
Three Pointers Made 3 Dallas Moore 275
100%
Field Goal Percent 3 Dallas Moore 48.3%
100%
Points Per Game 1 Dallas Moore 18.1
100%
Games T2 Dallas Moore 135
100%
Rebounds 6 Andy Diaz 577
0%
Steals 5 Andy Diaz 102
0%
Blocks 8 Andy Diaz 98
0%
Games T10 Andy Diaz 124
0%
Rebounds 10 BaeBae Daniels 545
0%
Blocks 2 BaeBae Daniels 177
0%
Games T6 BaeBae Daniels 128
0%
Assists 6 Brad Haugabrook 245
0%
Points 2 Carter Hendricksen 1,651
0%
Rebounds 3 Carter Hendricksen 742
0%
Assists 8 Carter Hendricksen 227
0%
Three Pointers Made 4 Carter Hendricksen 271
0%
Field Goal Percent 6 Carter Hendricksen 40.3%
0%
Points Per Game 8 Carter Hendricksen 12.2
0%
Games T2 Carter Hendricksen 135
0%
Games 9 Charles McRoy 127
0%
Points 6 Chris Davenport 1,353
0%
Rebounds 2 Chris Davenport 825
0%
Assists 4 Chris Davenport 335
0%
Steals 9 Chris Davenport 88
0%
Blocks 3 Chris Davenport 153
0%
Games T6 Chris Davenport 128
0%
Assists 5 Chris Timberlake 291
0%
Steals T7 Chris Timberlake 93
0%
Games 5 David Jeune 129
0%
Rebounds 4 Dorian James 646
0%
Blocks 5 Dorian James 116
0%
Games 1 Dorian James 142
0%
Assists 10 Emmanuel Adedoyin 211
0%
Points 4 Garrett Sams 1,541
0%
Rebounds 8 Garrett Sams 548
0%
Assists 9 Garrett Sams 226
0%
Steals 3 Garrett Sams 121
0%
Three Pointers Made 6 Garrett Sams 242
0%
Points Per Game 6 Garrett Sams 12.5
0%
Steals 4 Germaine Sparkes 112
0%
Points 8 Ivan Gandia-Rosa 1,259
0%
Assists 1 Ivan Gandia-Rosa 608
0%
Steals 10 Ivan Gandia-Rosa 86
0%
Three Pointers Made 7 Ivan Gandia-Rosa 212
0%
Field Goal Percent 4 Ivan Gandia-Rosa 42.9%
0%
Points Per Game 5 Ivan Gandia-Rosa 12.7
0%
Blocks 6 Jadyn Parker 114
0%
Three Pointers Made 10 Jarius Hicklen 169
0%
Points Per Game 9 Jarius Hicklen 12.2
0%
Three Pointers Made 8 Jerron Granberry 204
0%
Blocks 10 Jonathan Aybar 77
0%
Points 10 Jose Placer 1,104
0%
Assists 7 Jose Placer 232
0%
Points Per Game 2 Jose Placer 14.3
0%
Three Pointers Made 5 J.T. Escobar 256
0%
Blocks 4 Matt Sauey 145
0%
Rebounds 9 Noah Horchler 546
0%
Blocks 7 Noah Horchler 102
0%
Points Per Game 4 Noah Horchler 13.7
0%
Points 5 Parker Smith 1,394
0%
Three Pointers Made T1 Parker Smith 302
0%
Field Goal Percent 5 Parker Smith 41.0%
0%
Points Per Game 3 Parker Smith 14.2
0%
Blocks 9 Romelo Banks 92
0%
Points 9 Travis Wallace 1,196
0%
Rebounds 7 Travis Wallace 571
0%
Field Goal Percent 1 Travis Wallace 53.1%
0%
Points Per Game 7 Travis Wallace 12.5
0%
Three Pointers Made 9 Trent Mackey 191
0%
Points 7 Wajid Aminu 1,337
0%
Rebounds 1 Wajid Aminu 837
0%
Steals T7 Wajid Aminu 93
0%
Blocks 1 Wajid Aminu 203
0%
Field Goal Percent 2 Wajid Aminu 52.5%
0%
Games T6 Wajid Aminu 128
0%
Assists 3 William Wilson 379
0%
Steals 6 William Wilson 97
0%
Games T10 William Wilson 124
0%
No matching quizzes found
Score Distribution
Percent of People with Each Score
Percentile by Number Answered
Your Score History
You have not taken this quiz